A history of Malawi, 1859-1966 / (Record no. 121578)
[ view plain ]
| 000 -LEADER | |
|---|---|
| fixed length control field | 03094cam a2200325 a 4500 |
| 001 - CONTROL NUMBER | |
| control field | 17510212 |
| 003 - CONTROL NUMBER IDENTIFIER | |
| control field | ARRUPE |
| 005 - DATE AND TIME OF LATEST TRANSACTION | |
| control field | 20150109144051.0 |
| 008 - FIXED-LENGTH DATA ELEMENTS--GENERAL INFORMATION | |
| fixed length control field | 121026s2012 enkab b 001 0 eng d |
| 010 ## - LIBRARY OF CONGRESS CONTROL NUMBER | |
| LC control number | 2012288354 |
| 016 7# - NATIONAL BIBLIOGRAPHIC AGENCY CONTROL NUMBER | |
| Record control number | 016095417 |
| Source | Uk |
| 020 ## - INTERNATIONAL STANDARD BOOK NUMBER | |
| International Standard Book Number | 9781847010506 (James Currey : Cloth) |
| 020 ## - INTERNATIONAL STANDARD BOOK NUMBER | |
| International Standard Book Number | 1847010504 (James Currey : Cloth) |
| 035 ## - SYSTEM CONTROL NUMBER | |
| System control number | (OCoLC)ocn775420098 |
| 040 ## - CATALOGING SOURCE | |
| Original cataloging agency | BTCTA |
| Language of cataloging | eng |
| Transcribing agency | BTCTA |
| Modifying agency | UKMGB |
| -- | YDXCP |
| -- | BWK |
| -- | YNK |
| -- | BWX |
| -- | CDX |
| -- | NLE |
| -- | OCLCO |
| -- | NDD |
| -- | VGM |
| -- | IQU |
| -- | MUU |
| -- | DLC |
| 042 ## - AUTHENTICATION CODE | |
| Authentication code | lccopycat |
| 050 00 - LIBRARY OF CONGRESS CALL NUMBER | |
| Classification number | DT3201 |
| Item number | .M33 2012 |
| 082 04 - DEWEY DECIMAL CLASSIFICATION NUMBER | |
| Classification number | 968.9702 |
| Edition number | 23 |
| 300 ## - PHYSICAL DESCRIPTION | |
| Other physical details | ill., maps ; |
| Dimensions | 25 cm. |
| 100 1# - MAIN ENTRY--PERSONAL NAME | |
| Personal name | McCracken, John, |
| Dates associated with a name | 1938- |
| 9 (RLIN) | 13695 |
| 245 12 - TITLE STATEMENT | |
| Title | A history of Malawi, 1859-1966 / |
| Statement of responsibility, etc | John McCracken. |
| 260 ## - PUBLICATION, DISTRIBUTION, ETC. (IMPRINT) | |
| Place of publication, distribution, etc | Woodbridge, Suffolk : |
| Name of publisher, distributor, etc | James Currey ; |
| Place of publication, distribution, etc | Rochester, NY : |
| Name of publisher, distributor, etc | Boydell & Brewer, |
| Date of publication, distribution, etc | 2012. |
| 300 ## - PHYSICAL DESCRIPTION | |
| Extent | xviii, 485 p. : |
| 504 ## - BIBLIOGRAPHY, ETC. NOTE | |
| Bibliography, etc | Includes bibliographical references (p. 461-471) and index. |
| 505 0# - FORMATTED CONTENTS NOTE | |
| Formatted contents note | The land and the people -- Commerce, Christianity and colonial conquest -- The making of the colonial economy, 1891-1915 -- Religion, culture and society -- The Chilembwe rising -- Malawi and the First World War -- Planters, peasants and migrants: the interwar years -- The Great Depression and its aftermath -- Contours of colonialism -- The age of development -- The urban experience -- Peasants and politicians, 1943-1953 -- The liberation struggle, 1953-1959 -- The making of Malawi, 1959-1963 -- Prelude to independence: unity and diversity -- Revolt and realignment, 1964-1966. |
| 520 ## - SUMMARY, ETC. | |
| Summary, etc | "This is the first comprehensive history of Malawi during the colonial period. Using a wide range of primary and secondary sources, it places this history within the context of the pre-colonial past. The book examines the way in which British people, starting with David Livingstone, followed by the pioneer Scottish Presbyterian missionaries and including soldiers, speculators, colonial officials and politicians, played an influential part in shaping Malawi. But even more important is the story of how Malawian people responded to the intrusion of colonialism and imperialism and the role they played in the dissolution of the colonial state. There is much here on resistance to colonial occupation, including religious-inspired revolt, on the shaping of the colonial economy, on the influence of Christian missions and on the growth of a powerful popular nationalism that contained within it the seeds of a new authoritarianism. But space is also given to less mainstream activities: the creation of dance societies, the eruption of witchcraft eradication movements and the emergence of football as a popular national sport. In particular, the book seeks to demonstrate the interrelationship between environmental and economic change and the impact these forces had on a poverty-stricken yet resilient Malawian peasantry."--Publisher's website. |
| 651 #0 - SUBJECT ADDED ENTRY--GEOGRAPHIC NAME | |
| Geographic name | Malawi |
| General subdivision | History. |
| 9 (RLIN) | 13696 |
| 906 ## - LOCAL DATA ELEMENT F, LDF (RLIN) | |
| a | 7 |
| b | cbc |
| c | copycat |
| d | 2 |
| e | ncip |
| f | 20 |
| g | y-gencatlg |
| 942 ## - ADDED ENTRY ELEMENTS (KOHA) | |
| Source of classification or shelving scheme | Library of Congress Classification |
| Koha item type | Monograph ( Printed materials) |
| Withdrawn status | Lost status | Source of classification or shelving scheme | Damaged status | Not for loan | Collection code | Home library | Current library | Shelving location | Date acquired | Total Checkouts | Full call number | Barcode | Date last seen | Date checked out | Price effective from | Koha item type |
|---|---|---|---|---|---|---|---|---|---|---|---|---|---|---|---|---|
| Library of Congress Classification | Main Collection | ARRUPE LIBRARY | ARRUPE LIBRARY | Main Collection | 09/01/2015 | 6 | DT3201 .M33 2012 | 46500003367 | 30/08/2024 | 24/04/2024 | 09/01/2015 | Monograph ( Printed materials) |